[Event "AUT_chT 2012/13"]
[Site "Hohenems"]
[Date "2012.11.02"]
[Round "1"]
[Board "2"]
[White "Shengelia, David"]
[Black "Hera, Imre"]
[Result "1-0"]
[WhiteElo "2529"]
[BlackElo "2575"]
[PlyCount "49"]
[EventDate "2012.11.02"]
[EventType "team"]
[EventRounds "11"]
[EventCountry "AUT"]
[WhiteTeam "SK Advisory Invest Baden"]
[BlackTeam "SK Sparkasse Fuerstenfeld"]

1. d4 Nf6 2. c4 e6 3. Nc3 Bb4 4. a3 Bxc3+ 5. bxc3 c5 6. e3 O-O 7. Bd3 b6 8. Ne2
Bb7 9. O-O Nc6 10. e4 Ne8 11. f4 f5 12. e5 Na5 13. d5 Ba6 14. g4 fxg4 15. Ng3
Bxc4 16. f5 Bxd3 17. Qxd3 Nb3 18. Rb1 Nxc1 19. Rbxc1 exf5 20. Nxf5 d6 21. Nh6+
gxh6 22. Rxf8+ Kxf8 23. Qxh7 dxe5 24. Rf1+ Nf6 25. Qg6 1-0

[Event "AUT_chT 2012/13"]
[Site "Hohenems"]
[Date "2012.11.02"]
[Round "1"]
[Board "3"]
[White "Pinter, Jozsef"]
[Black "Jankovic, Alojzije"]
[Result "0-1"]
[WhiteElo "2552"]
[BlackElo "2538"]
[PlyCount "100"]
[EventDate "2012.11.02"]
[EventType "team"]
[EventRounds "11"]
[EventCountry "AUT"]
[WhiteTeam "SK Sparkasse Fuerstenfeld"]
[BlackTeam "SK Advisory Invest Baden"]

1. d4 Nf6 2. Nf3 g6 3. g3 d5 4. Bg2 Bg7 5. O-O O-O 6. b3 c5 7. e3 Nc6 8. Bb2
cxd4 9. exd4 Bf5 10. Re1 Rc8 11. c3 Qa5 12. Nbd2 Ne4 13. Nxe4 Bxe4 14. Bh3 Bxf3
15. Qxf3 e6 16. Qd3 Rfe8 17. Bg2 Red8 18. Red1 e5 19. dxe5 Nxe5 20. Qe2 Qc5 21.
Rac1 b5 22. Kh1 h5 23. h3 Rd6 24. f4 Nd7 25. a4 bxa4 26. b4 Qc7 27. Bxd5 Nb6
28. Bg2 Rxd1+ 29. Rxd1 h4 30. gxh4 Qxf4 31. h5 gxh5 32. Rg1 Kf8 33. c4 Bxb2 34.
Qxb2 a3 35. Qh8+ Ke7 36. Re1+ Kd7 37. Qxh5 Rxc4 38. Rf1 Rc1 39. Rd1+ Kc7 40.
Qe2 Rxd1+ 41. Qxd1 a2 42. Qc2+ Qc4 43. Qb2 Qe6 44. Qc3+ Nc4 45. Bf1 Qe4+ 46.
Bg2 Qf4 47. b5 Kb6 48. Qa1 Qd2 49. Bf1 Qb2 50. Qd1 Qf6 0-1

[Event "AUT_chT 2012/13"]
[Site "Hohenems"]
[Date "2012.11.02"]
[Round "1"]
[Board "4"]
[White "Tuncer, Ufuk"]
[Black "Farago, Ivan"]
[Result "1-0"]
[WhiteElo "2313"]
[BlackElo "2472"]
[PlyCount "83"]
[EventDate "2012.11.02"]
[EventType "team"]
[EventRounds "11"]
[EventCountry "AUT"]
[WhiteTeam "SK Advisory Invest Baden"]
[BlackTeam "SK Sparkasse Fuerstenfeld"]

1. e4 e6 2. d4 d5 3. Nc3 Bb4 4. Nge2 dxe4 5. a3 Be7 6. Nxe4 Nf6 7. Nxf6+ Bxf6
8. Be3 Nc6 9. Qd2 e5 10. d5 Ne7 11. O-O-O Nf5 12. Kb1 Nxe3 13. Qxe3 O-O 14. Ng3
Bg4 15. f3 Bd7 16. Bd3 Qe7 17. h4 b5 18. Ne4 b4 19. axb4 Rfb8 20. d6 cxd6 21.
Nxf6+ gxf6 22. Qh6 f5 23. g4 Kh8 24. gxf5 f6 25. Be4 a5 26. Bxa8 Rxa8 27. Qd2
Ra6 28. Qd3 Bc8 29. b5 Rb6 30. Qc4 Bxf5 31. Rhg1 Be6 32. Qa4 Qa7 33. Qa3 Qb8
34. b3 Rxb5 35. Kb2 Rc5 36. Rg2 Qc7 37. Qa4 Bd7 38. Rdg1 h5 39. Rg8+ Kh7 40.
R8g7+ Kh8 41. Qxd7 Rxc2+ 42. Kb1 1-0

[Event "AUT_chT 2012/13"]
[Site "Hohenems"]
[Date "2012.11.02"]
[Round "1"]
[Board "6"]
[White "Zaragatski, Ilja"]
[Black "Schwarhofer, Christopher"]
[Result "1-0"]
[WhiteElo "2467"]
[BlackElo "2291"]
[PlyCount "43"]
[EventDate "2012.11.02"]
[EventType "team"]
[EventRounds "11"]
[EventCountry "AUT"]
[WhiteTeam "SK Advisory Invest Baden"]
[BlackTeam "SK Sparkasse Fuerstenfeld"]

1. Nf3 Nf6 2. g3 g6 3. b3 Bg7 4. Bb2 O-O 5. Bg2 d6 6. d4 Nbd7 7. O-O e5 8. dxe5
Ng4 9. Qc1 dxe5 10. Nc3 Re8 11. Nd2 Nc5 12. h3 Nf6 13. Rd1 c6 14. Ba3 Nfd7 15.
Nde4 Qb6 16. Nd6 Re6 17. Nxc8 Rxc8 18. b4 e4 19. bxc5 Qc7 20. Nxe4 Bxa1 21.
Qxa1 Rce8 22. Qd4 1-0

[Event "AUT_chT 2012/13"]
[Site "Hohenems"]
[Date "2012.11.02"]
[Round "1"]
[Board "1"]
[White "Polak, Thomas"]
[Black "Erdos, Viktor"]
[Result "0-1"]
[WhiteElo "2520"]
[BlackElo "2636"]
[PlyCount "62"]
[EventDate "2012.11.02"]
[EventType "team"]
[EventRounds "11"]
[EventCountry "AUT"]
[WhiteTeam "SK Zwettl"]
[BlackTeam "SK Husek Wien"]

1. d4 Nf6 2. c4 g6 3. Nc3 d5 4. Bg5 Ne4 5. cxd5 Nxg5 6. h4 Ne4 7. Nxe4 Qxd5 8.
Nc3 Qa5 9. h5 Bg7 10. hxg6 hxg6 11. Rxh8+ Bxh8 12. Nf3 c5 13. Qd2 cxd4 14. Nxd4
Nc6 15. e3 Nxd4 16. exd4 Be6 17. Nb5 Qb6 18. a4 Kf8 19. Rc1 Bd7 20. a5 Qe6+ 21.
Qe3 Qa2 22. Qd2 Qe6+ 23. Qe3 Qa2 24. Qd2 Bxb5 25. Bxb5 Qd5 26. Bf1 Bxd4 27. Bc4
Qe5+ 28. Kf1 Kg7 29. Re1 Qc5 30. b3 Rh8 31. Re4 e5 0-1

[Event "AUT_chT 2012/13"]
[Site "Hohenems"]
[Date "2012.11.02"]
[Round "1"]
[Board "2"]
[White "Horvath, Jozsef"]
[Black "Bernasek, Jan"]
[Result "1/2-1/2"]
[WhiteElo "2536"]
[BlackElo "2506"]
[PlyCount "77"]
[EventDate "2012.11.02"]
[EventType "team"]
[EventRounds "11"]
[EventCountry "AUT"]
[WhiteTeam "SK Husek Wien"]
[BlackTeam "SK Zwettl"]

1. c4 c5 2. Nf3 Nc6 3. e3 Nf6 4. Nc3 g6 5. d4 cxd4 6. exd4 d5 7. h3 Bg7 8. Be2
O-O 9. O-O dxc4 10. Bxc4 Na5 11. Be2 Be6 12. Re1 Rc8 13. Bg5 h6 14. Bh4 Nc4 15.
Bxc4 Bxc4 16. Ne5 Qd6 17. Bg3 Qb6 18. Na4 Qd8 19. Nxc4 Rxc4 20. Be5 Rc8 21. Qb3
Qd5 22. Nc5 b6 23. Bxf6 Qxb3 24. axb3 Bxf6 25. Nd7 Rfd8 26. Nxf6+ exf6 27. Rxa7
Rxd4 28. Rb7 Rb4 29. Ree7 Rf8 30. Re3 h5 31. Rd3 h4 32. Rd6 b5 33. Rd5 Re8 34.
Rbxb5 Re1+ 35. Kh2 Rxb5 36. Rxb5 Re2 37. Kg1 Re1+ 38. Kh2 Re2 39. Kg1 1/2-1/2

[Event "AUT_chT 2012/13"]
[Site "Hohenems"]
[Date "2012.11.02"]
[Round "1"]
[Board "4"]
[White "Juhasz, Kristof"]
[Black "Blatny, Pavel"]
[Result "1/2-1/2"]
[WhiteElo "2331"]
[BlackElo "2420"]
[PlyCount "60"]
[EventDate "2012.11.02"]
[EventType "team"]
[EventRounds "11"]
[EventCountry "AUT"]
[WhiteTeam "SK Husek Wien"]
[BlackTeam "SK Zwettl"]

1. d4 d5 2. c4 e6 3. Nf3 c6 4. Nc3 f5 5. Bf4 Bd6 6. Bxd6 Qxd6 7. e3 Nd7 8. Bd3
Ne7 9. Qc2 O-O 10. O-O e5 11. dxe5 Nxe5 12. Nxe5 Qxe5 13. cxd5 Nxd5 14. Nxd5
cxd5 15. Rac1 Be6 16. Qc3 Qxc3 17. Rxc3 Rac8 18. Rfc1 Kf7 19. Rc7+ Kf6 20. f4
Rxc7 21. Rxc7 Rf7 22. Rxf7+ Kxf7 23. Kf2 Ke7 24. Ke2 Kd6 25. Kd2 Kc5 26. Kc3 a5
27. a3 a4 28. g4 g6 29. g5 Bd7 30. h4 Be6 1/2-1/2

[Event "AUT_chT 2012/13"]
[Site "Hohenems"]
[Date "2012.11.02"]
[Round "1"]
[Board "6"]
[White "Zojer, Stefan"]
[Black "Vyskocil, Neklan"]
[Result "1/2-1/2"]
[WhiteElo "2087"]
[BlackElo "2381"]
[PlyCount "114"]
[EventDate "2012.11.02"]
[EventType "team"]
[EventRounds "11"]
[EventCountry "AUT"]
[WhiteTeam "SK Husek Wien"]
[BlackTeam "SK Zwettl"]

1. e4 c5 2. Nf3 e6 3. c3 Nf6 4. e5 Nd5 5. d4 cxd4 6. cxd4 b6 7. Bd3 Be7 8. O-O
Ba6 9. a3 O-O 10. Re1 Bxd3 11. Qxd3 d6 12. Bd2 Nd7 13. Nc3 Nxc3 14. Bxc3 dxe5
15. dxe5 Nc5 16. Qe2 Rc8 17. Red1 Qc7 18. Nd4 Qb7 19. Bb4 Rfd8 20. Rac1 Rd5 21.
Nb5 Rcd8 22. Rxd5 Rxd5 23. Bxc5 bxc5 24. Nc3 Rd4 25. Qb5 Qxb5 26. Nxb5 Rd7 27.
Nd6 Bxd6 28. Rd1 Kf8 29. exd6 Ke8 30. Kf1 Rb7 31. Rc1 Rb5 32. b4 cxb4 33. axb4
Rb7 34. Rc6 Kd7 35. Ra6 e5 36. h4 Ke6 37. Ke2 Rxb4 38. d7+ Kxd7 39. Rxa7+ Ke6
40. g3 Rb2+ 41. Kf3 Rb3+ 42. Kg2 Rd3 43. Ra6+ Rd6 44. Ra7 Rd7 45. Ra6+ Kf5 46.
Ra8 f6 47. Rh8 h6 48. Rg8 Kg4 49. Re8 Rd2 50. Re7 g5 51. hxg5 hxg5 52. Re6 Kf5
53. Re8 Rd6 54. Re7 Ke4 55. Re8 Kf5 56. Re7 Kg4 57. Re8 Kf5 1/2-1/2

[Event "AUT_chT 2012/13"]
[Site "Hohenems"]
[Date "2012.11.02"]
[Round "1"]
[Board "2"]
[White "Kraemer, Martin"]
[Black "Prohaszka, Peter"]
[Result "1-0"]
[WhiteElo "2520"]
[BlackElo "2562"]
[PlyCount "81"]
[EventDate "2012.11.02"]
[EventType "team"]
[EventRounds "11"]
[EventCountry "AUT"]
[WhiteTeam "ASVOE Wulkaprodersdorf"]
[BlackTeam "ASVOE Fundermax St.Veit"]

1. d4 c6 2. c4 d5 3. Nc3 Nf6 4. e3 g6 5. Nf3 Bg7 6. Be2 O-O 7. O-O a6 8. a4 a5
9. Bd2 dxc4 10. Bxc4 Bg4 11. h3 Bxf3 12. Qxf3 Nbd7 13. Rfd1 e5 14. Rac1 Qe7 15.
Ba2 Rfd8 16. Rc2 Nb6 17. dxe5 Nfd5 18. Nxd5 Nxd5 19. e6 fxe6 20. Be1 Nb4 21.
Bxb4 axb4 22. Rcd2 Kh8 23. Qe4 Rf8 24. Bb3 Ra5 25. f4 b5 26. axb5 Rxb5 27. Qxc6
Rc5 28. Qxe6 Qxe6 29. Bxe6 Bf6 30. Kf2 g5 31. g3 h5 32. Kf3 Kg7 33. Rd7+ Kg6
34. g4 hxg4+ 35. hxg4 gxf4 36. Bf5+ Rxf5 37. gxf5+ Kxf5 38. e4+ Ke6 39. R1d6+
Ke5 40. Rb6 Rd8 41. Rxd8 1-0

[Event "AUT_chT 2012/13"]
[Site "Hohenems"]
[Date "2012.11.02"]
[Round "1"]
[Board "4"]
[White "Polzin, Rainer"]
[Black "Rogic, Davor"]
[Result "1/2-1/2"]
[WhiteElo "2465"]
[BlackElo "2572"]
[PlyCount "143"]
[EventDate "2012.11.02"]
[EventType "team"]
[EventRounds "11"]
[EventCountry "AUT"]
[WhiteTeam "ASVOE Wulkaprodersdorf"]
[BlackTeam "ASVOE Fundermax St.Veit"]

1. e4 e5 2. Nf3 Nc6 3. Bb5 a6 4. Ba4 Nf6 5. O-O Be7 6. Qe2 b5 7. Bb3 O-O 8. c3
d5 9. d3 Re8 10. Re1 Bb7 11. Nbd2 Bf8 12. a3 h6 13. exd5 Nxd5 14. Ne4 Nf6 15.
Be3 Na5 16. Bc2 Nxe4 17. dxe4 c5 18. Rad1 Qf6 19. Nd2 Rac8 20. f3 Qe6 21. Nf1
b4 22. Bf2 bxc3 23. bxc3 c4 24. Ne3 Nb3 25. a4 a5 26. Rb1 Ba6 27. Nd5 Rc6 28.
Kh1 Qd6 29. Qd1 Nc5 30. Bxc5 Qxc5 31. Rb2 Qa7 32. Qe2 Ba3 33. Ra2 Bc5 34. Rb1
Rb8 35. Rab2 Rxb2 36. Rxb2 Rc8 37. Bb1 Ba3 38. Rd2 Rb8 39. Ba2 Qc5 40. g3 Qc6
41. Qd1 Bc5 42. Kg2 Rb7 43. Bb1 Ba7 44. Bc2 Qc5 45. Qc1 Rb8 46. Re2 Rd8 47. h4
Bc8 48. h5 Be6 49. Rd2 Kh8 50. Qf1 Qa3 51. Qe2 Rd7 52. Bd1 Qc1 53. Kh2 f5 54.
Rc2 Qg5 55. f4 Qd8 56. fxe5 fxe4 57. Nf4 Bf5 58. e6 Qb6 59. Qe1 Bxe6 60. Rg2
Bf5 61. Qf1 Qc5 62. Be2 Rc7 63. Qd1 Rc8 64. Bg4 Re8 65. Bxf5 Qxf5 66. Qe2 Bb8
67. Ng6+ Kh7 68. Rf2 Qg5 69. Nf8+ Kh8 70. Ng6+ Kh7 71. Nf8+ Kh8 72. Ng6+
1/2-1/2

[Event "AUT_chT 2012/13"]
[Site "Hohenems"]
[Date "2012.11.02"]
[Round "1"]
[Board "6"]
[White "Volkmann, Friedrich Karl"]
[Black "Hoelzl, Franz"]
[Result "0-1"]
[WhiteElo "2416"]
[BlackElo "2334"]
[PlyCount "116"]
[EventDate "2012.11.02"]
[EventType "team"]
[EventRounds "11"]
[EventCountry "AUT"]
[WhiteTeam "ASVOE Wulkaprodersdorf"]
[BlackTeam "ASVOE Fundermax St.Veit"]

1. e4 e5 2. Nf3 Nc6 3. Nc3 Nf6 4. Bb5 Nd4 5. Ba4 Nxf3+ 6. Qxf3 Be7 7. Qg3 O-O
8. Qxe5 Re8 9. d3 Bb4 10. Qg5 h6 11. Qh4 b5 12. Bxb5 c6 13. Bc4 d5 14. Bb3 d4
15. Bd2 dxc3 16. bxc3 Bf8 17. Rd1 Ba6 18. O-O Nxe4 19. Qxd8 Raxd8 20. dxe4 Bxf1
21. Kxf1 Rxe4 22. f3 Re7 23. c4 g6 24. Ba4 Re6 25. c3 h5 26. h3 h4 27. Be1 Rxd1
28. Bxd1 Be7 29. Bf2 a6 30. c5 Bf6 31. Bb3 Re8 32. Ba4 Rb8 33. Bxc6 g5 34. Bd4
Bxd4 35. cxd4 Rb4 36. d5 Rc4 37. d6 Kf8 38. Bb7 Rxc5 39. Bxa6 Rd5 40. Ke2 Rxd6
41. Bd3 Rd4 42. Bc2 Ke7 43. a4 Kd6 44. a5 Rd5 45. a6 Ra5 46. Bd3 Ke5 47. Kd2
Kf4 48. Kc3 Ra3+ 49. Kc2 Kg3 50. Bc4 Kxg2 51. Kb2 Ra5 52. Kc3 Kxh3 53. Kb4 Ra1
54. Bb5 Rxa6 55. Bxa6 Kg3 56. Kc3 h3 57. f4 gxf4 58. Bb7 f3 0-1

[Event "AUT_chT 2012/13"]
[Site "Hohenems"]
[Date "2012.11.02"]
[Round "1"]
[Board "3"]
[White "Schlosser, Philipp"]
[Black "Pavasovic, Dusko"]
[Result "1-0"]
[WhiteElo "2579"]
[BlackElo "2557"]
[PlyCount "67"]
[EventDate "2012.11.02"]
[EventType "team"]
[EventRounds "11"]
[EventCountry "AUT"]
[WhiteTeam "SK Sparkasse Jenbach"]
[BlackTeam "SK MPOE Maria Saal"]

1. c4 e6 2. g3 d5 3. Bg2 Nf6 4. Nf3 dxc4 5. Qa4+ c6 6. Qxc4 b5 7. Qc2 Bb7 8. a4
a6 9. Nc3 Nbd7 10. O-O Rc8 11. d4 c5 12. axb5 axb5 13. Nxb5 Qb6 14. Na3 cxd4
15. Nc4 Qc7 16. b3 Be4 17. Qb2 e5 18. Bd2 Be7 19. Ra5 Bxf3 20. Bxf3 O-O 21. Rc1
e4 22. Bg2 Nc5 23. Bh3 Rcd8 24. b4 Ne6 25. Ne5 Qb7 26. Nc6 e3 27. fxe3 dxe3 28.
Bxe3 Nd5 29. Bf2 Bf6 30. Qb3 Rd6 31. b5 Ne7 32. Ra7 Rxc6 33. Rxc6 Qb8 34. Bxe6
1-0

[Event "AUT_chT 2012/13"]
[Site "Hohenems"]
[Date "2012.11.02"]
[Round "1"]
[Board "4"]
[White "Kreisl, Robert"]
[Black "Boensch, Uwe"]
[Result "1/2-1/2"]
[WhiteElo "2410"]
[BlackElo "2528"]
[PlyCount "79"]
[EventDate "2012.11.02"]
[EventType "team"]
[EventRounds "11"]
[EventCountry "AUT"]
[WhiteTeam "SK MPOE Maria Saal"]
[BlackTeam "SK Sparkasse Jenbach"]

1. Nf3 Nf6 2. c4 e6 3. g3 d5 4. Bg2 c5 5. O-O dxc4 6. Na3 Nc6 7. Nxc4 Bd7 8. d4
cxd4 9. Nxd4 Nxd4 10. Qxd4 Bb5 11. Qxd8+ Rxd8 12. b3 b6 13. Bg5 Bc5 14. Rfc1 h6
15. Bxf6 gxf6 16. e3 O-O 17. a3 Rc8 18. a4 Bd7 19. Rd1 Rc7 20. Nd6 Bxd6 21.
Rxd6 Rfc8 22. Rad1 Be8 23. Bf1 Kf8 24. Ba6 Rb8 25. R6d4 f5 26. Rh4 Kg7 27. g4
Rc5 28. gxf5 Rxf5 29. Rg4+ Kf6 30. Rdd4 Bc6 31. Bd3 Rc5 32. Rdf4+ Ke7 33. Bc4
Rd8 34. Rd4 Rxd4 35. Rxd4 Rg5+ 36. Kf1 Bf3 37. Rf4 Bc6 38. Ke2 Rh5 39. h4 Rc5
40. Kd2 1/2-1/2

[Event "AUT_chT 2012/13"]
[Site "Hohenems"]
[Date "2012.11.02"]
[Round "1"]
[Board "6"]
[White "Schachinger, Mario"]
[Black "Lehner, Oliver"]
[Result "1/2-1/2"]
[WhiteElo "2422"]
[BlackElo "2446"]
[PlyCount "107"]
[EventDate "2012.11.02"]
[EventType "team"]
[EventRounds "11"]
[EventCountry "AUT"]
[WhiteTeam "SK MPOE Maria Saal"]
[BlackTeam "SK Sparkasse Jenbach"]

1. c4 c5 2. g3 Nc6 3. Bg2 g6 4. Nc3 Bg7 5. Nf3 d6 6. a3 Nh6 7. Rb1 O-O 8. h4
Ng4 9. h5 h6 10. hxg6 fxg6 11. d3 g5 12. Ne4 Bf5 13. Bd2 a5 14. Bc3 Rb8 15. Qd2
Bxe4 16. dxe4 Bxc3 17. bxc3 Nce5 18. Nxe5 dxe5 19. Qxd8 Rfxd8 20. Bf3 Nf6 21.
Rxh6 Kg7 22. Rh1 Ne8 23. Bg4 Nd6 24. Bf5 Rh8 25. Kd2 Nxc4+ 26. Kd3 Nd6 27. a4
Rbd8 28. Kc2 Kf6 29. Bg4 Kg7 30. Bf5 Rdf8 31. Kd3 Rxh1 32. Rxh1 Rh8 33. Rb1 Rh2
34. f3 Kf6 35. Bg4 Rh8 36. Kc2 Rh6 37. Kd3 Rh2 38. Bf5 e6 39. Bg4 Rh7 40. Rb6
Rd7 41. Kc2 Rd8 42. Kc1 Ke7 43. Kc2 Kd7 44. Rb1 Rh8 45. f4 gxf4 46. gxf4 Rh4
47. fxe5 Rxg4 48. exd6 Rxe4 49. Rxb7+ Kxd6 50. Ra7 Rxa4 51. Kb3 Re4 52. Rxa5
Rxe2 53. Kc4 Re4+ 54. Kb5 1/2-1/2

[Event "AUT_chT 2012/13"]
[Site "Hohenems"]
[Date "2012.11.02"]
[Round "1"]
[Board "2"]
[White "Atlas, Valery"]
[Black "Rotstein, Arkadij"]
[Result "1/2-1/2"]
[WhiteElo "2448"]
[BlackElo "2506"]
[PlyCount "79"]
[EventDate "2012.11.02"]
[EventType "team"]
[EventRounds "11"]
[EventCountry "AUT"]
[WhiteTeam "SK Hohenems"]
[BlackTeam "SK Absam"]

1. e4 c5 2. Nf3 e6 3. d4 cxd4 4. Nxd4 a6 5. Nc3 Qc7 6. g3 Bb4 7. Nde2 Nf6 8.
Bg2 Be7 9. O-O Nc6 10. a4 d6 11. Nf4 Bd7 12. g4 g5 13. Nh5 Nxh5 14. gxh5 Ne5
15. a5 Bc6 16. Be3 Bf6 17. Bd4 Qe7 18. Na4 g4 19. Nb6 Rd8 20. Ra3 Rg8 21. Rg3
Rg5 22. Be3 Kf8 23. Bxg5 Bxg5 24. Rxg4 Nxg4 25. Qxg4 e5 26. Rd1 Bf4 27. c4 Qg5
28. Qxg5 Bxg5 29. b4 Ke7 30. Rb1 f5 31. exf5 Bxg2 32. Kxg2 Kf6 33. Kf3 Kxf5 34.
Ke2 e4 35. Rd1 Bf4 36. Rd5+ Ke6 37. Rd4 Ke5 38. Rd5+ Ke6 39. Rd4 Ke5 40. Rd5+
1/2-1/2

[Event "AUT_chT 2012/13"]
[Site "Hohenems"]
[Date "2012.11.02"]
[Round "1"]
[Board "4"]
[White "Froewis, Georg"]
[Black "Pilz, Dieter"]
[Result "1-0"]
[WhiteElo "2409"]
[BlackElo "2312"]
[PlyCount "143"]
[EventDate "2012.11.02"]
[EventType "team"]
[EventRounds "11"]
[EventCountry "AUT"]
[WhiteTeam "SK Hohenems"]
[BlackTeam "SK Absam"]

1. Nf3 Nf6 2. c4 c5 3. Nc3 Nc6 4. e3 g6 5. d4 cxd4 6. exd4 d5 7. Bg5 Ne4 8.
cxd5 Nxc3 9. bxc3 Qxd5 10. c4 Qe4+ 11. Be3 Bg7 12. Bd3 Qg4 13. h3 Qd7 14. Be2
O-O 15. d5 Na5 16. Bd4 b6 17. O-O Ba6 18. Bxg7 Kxg7 19. Qd4+ f6 20. Rfe1 Kg8
21. c5 bxc5 22. Qxc5 Bxe2 23. Rxe2 Nb7 24. Qxe7 Qxd5 25. Rae1 Rf7 26. Qa3 Kg7
27. Re7 Nd6 28. R1e6 Nf5 29. Rxf7+ Kxf7 30. Ra6 Qb7 31. Ra4 Kg8 32. Qc3 Rf8 33.
Rb4 Qf7 34. Rc4 Nd6 35. Rc6 Qd5 36. Qc2 Rf7 37. Rc5 Qe4 38. Qd1 Qe7 39. Rd5 Ne4
40. Qd4 Kg7 41. Ne5 Ng3 42. fxg3 fxe5 43. Rxe5 Qf6 44. Kh2 h5 45. Qe4 Rd7 46.
Re6 Qg5 47. Qc6 Rf7 48. Qc3+ Kh7 49. Re8 Qf6 50. Qxf6 Rxf6 51. Re7+ Kh6 52.
Rxa7 Rf1 53. h4 Rc1 54. Ra4 Rc3 55. Kh3 Rd3 56. Kh2 Rc3 57. Ra7 Rd3 58. a4 Ra3
59. a5 Ra4 60. Kg1 Ra1+ 61. Kf2 Ra2+ 62. Kf3 Ra3+ 63. Kf4 Ra4+ 64. Ke5 Ra2 65.
a6 Rxg2 66. Rb7 Rxg3 67. a7 Ra3 68. Kf6 Rf3+ 69. Ke7 Ra3 70. Kf8 g5 71. Rb6+
Kh7 72. hxg5 1-0

[Event "AUT_chT 2012/13"]
[Site "Hohenems"]
[Date "2012.11.02"]
[Round "1"]
[Board "5"]
[White "De Francesco, Klaus"]
[Black "Breder, Dennis"]
[Result "0-1"]
[WhiteElo "2236"]
[BlackElo "2442"]
[PlyCount "98"]
[EventDate "2012.11.02"]
[EventType "team"]
[EventRounds "11"]
[EventCountry "AUT"]
[WhiteTeam "SK Absam"]
[BlackTeam "SK Hohenems"]

1. d4 e6 2. c4 d5 3. Nf3 c6 4. g3 dxc4 5. Bg2 b5 6. O-O Bb7 7. Nc3 Nd7 8. Qc2
Ngf6 9. Rd1 Be7 10. Ng5 Nd5 11. h4 h6 12. Nh3 O-O 13. e4 Nxc3 14. bxc3 Qc7 15.
Rb1 a6 16. a4 Rfd8 17. e5 c5 18. Bxb7 Qxb7 19. Nf4 Qf3 20. Re1 cxd4 21. cxd4
Rab8 22. d5 Bc5 23. Be3 Bxe3 24. Rxe3 Qg4 25. dxe6 fxe6 26. axb5 axb5 27. Ree1
Nc5 28. h5 Nd3 29. Ng6 Qxh5 30. Ne7+ Kf8 31. Nc6 Nxe1 32. Rxe1 Qe8 33. Nxb8
Rxb8 34. Qh7 Rd8 35. Re4 Rd1+ 36. Kh2 Qh5+ 37. Rh4 Qxe5 38. Rf4+ Ke7 39. Qg6
Rd7 40. Qf7+ Kd8 41. Qf8+ Kc7 42. Qa8 Qh5+ 43. Rh4 Qc5 44. Rf4 c3 45. Qa5+ Kb7
46. Rf3 Qh5+ 47. Kg2 Rd1 48. g4 Qxg4+ 49. Rg3 Qe4+ 0-1

[Event "AUT_chT 2012/13"]
[Site "Hohenems"]
[Date "2012.11.02"]
[Round "1"]
[Board "6"]
[White "Kessler, Luca"]
[Black "Schmidlechner, Alexander"]
[Result "0-1"]
[WhiteElo "2240"]
[BlackElo "2304"]
[PlyCount "44"]
[EventDate "2012.11.02"]
[EventType "team"]
[EventRounds "11"]
[EventCountry "AUT"]
[WhiteTeam "SK Hohenems"]
[BlackTeam "SK Absam"]

1. d4 d5 2. c4 c6 3. Nf3 Nf6 4. e3 Bf5 5. Nc3 e6 6. Nh4 Bg4 7. Qb3 Qb6 8. h3
Bh5 9. g4 Bg6 10. Nxg6 hxg6 11. g5 Nfd7 12. c5 Qc7 13. e4 b6 14. exd5 exd5 15.
Nxd5 cxd5 16. Qxd5 Nc6 17. Bb5 Rc8 18. Qe4+ Be7 19. O-O Rxh3 20. f4 Nxd4 21.
Ba4 Kf8 22. Be3 Nf5 0-1

[Event "AUT_chT 2012/13"]
[Site "Hohenems"]
[Date "2012.11.02"]
[Round "1"]
[Board "5"]
[White "Diermair, Andreas"]
[Black "Ennsberger, Ulrich"]
[Result "1-0"]
[WhiteElo "2429"]
[BlackElo "2368"]
[PlyCount "71"]
[EventDate "2012.11.02"]
[EventType "team"]
[EventRounds "11"]
[EventCountry "AUT"]
[WhiteTeam "SV Raika Rapid Feffernitz"]
[BlackTeam "Club 7 Ansfelden"]

1. d4 Nf6 2. c4 e6 3. Nc3 Bb4 4. e3 O-O 5. Bd3 d5 6. Nf3 c5 7. O-O Nc6 8. a3
Bxc3 9. bxc3 dxc4 10. Bxc4 Qc7 11. Bb2 e5 12. h3 b6 13. Bb5 Bb7 14. d5 Rad8 15.
c4 e4 16. Bxf6 gxf6 17. Nd2 Ne5 18. Nxe4 Qe7 19. Ng3 a6 20. Nf5 Qc7 21. Qh5 Bc8
22. Bxa6 Bxf5 23. Qxf5 Qd6 24. Bb5 Kh8 25. Qf4 Rg8 26. Kh1 Rg6 27. a4 Rdg8 28.
Rg1 f5 29. a5 bxa5 30. Rxa5 Qe7 31. Ra6 Nd3 32. Qxf5 Qh4 33. Rxg6 Nxf2+ 34. Kh2
Rxg6 35. g3 Ng4+ 36. Qxg4 1-0

[Event "AUT_chT 2012/13"]
[Site "Hohenems"]
[Date "2012.11.02"]
[Round "1"]
[Board "6"]
[White "Knoll, Hermann"]
[Black "Schreiner, Peter"]
[Result "0-1"]
[WhiteElo "2302"]
[BlackElo "2442"]
[PlyCount "72"]
[EventDate "2012.11.02"]
[EventType "team"]
[EventRounds "11"]
[EventCountry "AUT"]
[WhiteTeam "Club 7 Ansfelden"]
[BlackTeam "SV Raika Rapid Feffernitz"]

1. e4 e5 2. Nf3 Nc6 3. Bc4 Bc5 4. c3 Nf6 5. d3 a6 6. Nbd2 O-O 7. O-O d6 8. Bb3
Ba7 9. Re1 Ne7 10. Nf1 Ng6 11. Ng3 Re8 12. h3 h6 13. d4 c6 14. Bc2 Qc7 15. c4
exd4 16. Nxd4 d5 17. Ndf5 Bxf5 18. Nxf5 dxe4 19. Qd6 Qa5 20. Nxh6+ gxh6 21.
Bxh6 Re6 22. Qg3 Qe5 23. Qxe5 Nxe5 24. Bg5 Nh7 25. Bf4 Nd3 26. Bxd3 exd3 27.
Rxe6 fxe6 28. Rd1 Rd8 29. g4 b5 30. cxb5 axb5 31. Kg2 c5 32. Be3 Nf6 33. b4 c4
34. Bxa7 Nd5 35. Kf3 Rf8+ 36. Kg3 Nc3 0-1

[Event "AUT_chT 2012/13"]
[Site "Hohenems"]
[Date "2012.11.03"]
[Round "2"]
[Board "2"]
[White "Weiss, Christian"]
[Black "Shengelia, David"]
[Result "1/2-1/2"]
[WhiteElo "2406"]
[BlackElo "2529"]
[PlyCount "89"]
[EventDate "2012.11.02"]
[EventType "team"]
[EventRounds "11"]
[EventCountry "AUT"]
[WhiteTeam "Club 7 Ansfelden"]
[BlackTeam "SK Advisory Invest Baden"]

1. d4 Nf6 2. Nf3 e6 3. c4 d5 4. cxd5 exd5 5. Nc3 Bb4 6. Qa4+ Nc6 7. Bg5 h6 8.
Bxf6 Qxf6 9. e3 O-O 10. Be2 Be6 11. Rc1 a6 12. O-O Qg6 13. Rfd1 Bd6 14. Nh4 Qf6
15. g3 Rfd8 16. a3 g5 17. Ng2 Bf8 18. Qc2 Bf5 19. Bd3 Bxd3 20. Rxd3 Qg6 21. Ne1
Na5 22. Rdd1 Qxc2 23. Rxc2 c6 24. Nd3 Nc4 25. Na4 a5 26. Nac5 Ra7 27. Nb3 a4
28. Nd2 b5 29. Nxc4 bxc4 30. Nc1 f5 31. Ne2 Kf7 32. Kg2 Bd6 33. Nc3 Rb8 34. h3
h5 35. g4 hxg4 36. hxg4 Rh8 37. gxf5 Rh2+ 38. Kf3 Re7 39. Rg1 Kf6 40. e4 Rh3+
41. Kg2 Rh2+ 42. Kf3 Rh3+ 43. Kg2 Rh2+ 44. Kf3 Rh3+ 45. Rg3 1/2-1/2

[Event "AUT_chT 2012/13"]
[Site "Hohenems"]
[Date "2012.11.03"]
[Round "2"]
[Board "3"]
[White "Jankovic, Alojzije"]
[Black "Felsberger, Alfred"]
[Result "1-0"]
[WhiteElo "2538"]
[BlackElo "2366"]
[PlyCount "69"]
[EventDate "2012.11.02"]
[EventType "team"]
[EventRounds "11"]
[EventCountry "AUT"]
[WhiteTeam "SK Advisory Invest Baden"]
[BlackTeam "Club 7 Ansfelden"]

1. d4 Nf6 2. c4 e6 3. Nf3 b6 4. g3 Bb7 5. Bg2 Be7 6. O-O O-O 7. Re1 d5 8. cxd5
exd5 9. Nc3 Nbd7 10. Bf4 Ne4 11. Qc2 Nxc3 12. bxc3 Bd6 13. Ng5 Nf6 14. Be5 g6
15. h4 h6 16. Nh3 Re8 17. Bxd6 Qxd6 18. c4 c6 19. Nf4 Rad8 20. cxd5 cxd5 21.
Rac1 Kg7 22. Qa4 Re7 23. Nd3 Rc8 24. Ne5 Rec7 25. Rxc7 Qxc7 26. Bh3 Qc3 27. Nd3
Qc6 28. Qa3 Re8 29. Rc1 Qb5 30. Rc7 Ba6 31. Ne5 Rf8 32. Qd3 Ne4 33. Rxa7 Qb4
34. Qf3 Qe1+ 35. Kg2 1-0